000 00544nam a2200193Ia 4500
005 20250326142632.0
008 250326s9999 xx 000 0 und d
020 _a0-06-044617-X
037 _aTextbook
040 _aFMSL
_beng
_cFMSL
041 _aeng
_2eng
084 _aB280bX N3
_qFMSL
100 _aMorse Lawrence B
_9746347
245 0 _aStatics for Business and Economics
_cMorse Lawrence B
260 _aN.Y
_bN.Y, Harper Collins
_c1993
300 _axxvi,989
942 _cTB
_hB280bX N3
999 _c1295938
_d1295938